| 000 | 00719nmc a2200277 a 4500 | ||
|---|---|---|---|
| 003 | AR-X00000XY | ||
| 005 | 20251128211905.0 | ||
| 008 | 247020s2005 ||||||||||||||000 | spa|| | ||
| 020 | _a950-581-959-5 | ||
| 040 | _cAR-X00000XY | ||
| 100 | 1 |
_aSchwob, Marcel _d1867-1905 |
|
| 245 | 1 | 0 | _aLa estrella de madera |
| 250 | _a1ยช ed. | ||
| 260 |
_aBuenos Aires _bColihue _c2005 |
||
| 300 | 0 |
_a46 p. _bil. |
|
| 490 | 0 | _aLos grandes para los chicos | |
| 650 | 4 | _aLITERATURA FRANCESA | |
| 650 | 4 | _aLITERATURA INFANTIL | |
| 650 | 4 | _aCUENTOS | |
| 653 | _aLITERATURA JUVENIL | ||
| 653 | _aLITERATURA FANTASTICA | ||
| 655 | _aLITERATURA | ||
| 700 | 1 |
_aViola, Liliana _eeditor |
|
| 942 | _cBK | ||
| 998 | _cna-calidad | ||
| 999 |
_c21491 _d21491 |
||